The dramatic works of Bayard Taylor /

Bibliographic Details
Main Author: Taylor, Bayard, 1825-1878
Other Authors: Taylor, Marie Hansen, 1829-1925
Format: Book
Language:English
Published: Boston : Houghton, Mifflin, 1880.

MARC

Tag First Indicator Second Indicator Subfields
LEADER 00000cam a2200000 4500
001 in00000672821
005 20151015084506.0
008 800930r19741880miu a 00010 eng d
035 |a (OCoLC)06770247 
035 |9 ACY1871AM 
040 |a EEU  |c TXA  |d UtOrBLW 
049 |a TXAI 
090 |a PS2989  |b .T3 
099 |a film  |a B  |a 1512  |a reel  |a 609.5 
100 1 |a Taylor, Bayard,  |d 1825-1878. 
245 1 4 |a The dramatic works of Bayard Taylor /  |c with notes by Marie Hansen-Taylor. 
264 1 |a Boston :  |b Houghton, Mifflin,  |c 1880. 
300 |a 345 pages 
336 |a text  |b txt  |2 rdacontent 
337 |a microform  |b h  |2 rdamedia 
338 |a microfilm reel  |b hd  |2 rdacarrier 
500 |a Microfilm. Ann Arbor, Mich., University Microfilms, 1974. 1 reel. 35 mm. (American Culture Series, reel 609.5) 
505 0 |a The prophet.--The masque of the gods.--Prince Deukalion.--Notes. 
500 |a Microform. 
700 1 |a Taylor, Marie Hansen,  |d 1829-1925. 
999 |a MARS 
999 f f |s 7d096eb9-bcc6-324f-bd52-e309c821425e  |i 0643a6c3-4473-34d2-81b3-20345da62635  |t 0 
952 f f |p default  |a Texas A&M University  |b College Station  |c Sterling C. Evans Library  |d Evans: Microforms (3rd floor)  |t 0  |e film B 1512 reel 609.5  |h Other scheme  |i microform -- microfilm reel 
998 f f |a film B 1512 reel 609.5  |t 0  |l Evans: Microforms (3rd floor)